Indian Management (Record no. 6351)

MARC details
000 -LEADER
fixed length control field 00376nam a2200133Ia 4500
022 ## - INTERNATIONAL STANDARD SERIAL NUMBER
ISSN 0019-5812
245 #0 - TITLE STATEMENT
Title Indian Management
260 ## - PUBLICATION, DISTRIBUTION, ETC. (IMPRINT)
Name of publisher All India Management Association
Place of publication New Delhi
500 ## - GENERAL NOTE
General note Ending Volume & Year: 27, 1989
500 ## - GENERAL NOTE
General note Missing Volume: 13
500 ## - GENERAL NOTE
General note Starting Volume & Year: 12, 1973
942 ## - ADDED ENTRY ELEMENTS (KOHA)
Koha item type Bound Journal
Holdings
Withdrawn status Lost status Damaged status Not for loan Home library Current library Date acquired Accession Number Koha item type
      Bound journals RRII Library RRII Library 31/12/2021 06328J Bound Journal